01148nam a2200193Ia 4500001001100000003001000011008004100021040002500062041001300087100003000100245010200130250001100232260009300243300001200336500022800348501011400576520022800690650003600918L200-53402IT-CnALBA170116s9999||||xx |||||||||||||| ||und|| aIT-CnALBAcIT-CnALBA aITALIANO aTETTAMANZI DIONIGI, MONS. 0aCARITÀ E MISSIONI. IL CONTRIBUTO DELLA MISSIONE "AD GENTES" AL CONVEGNO ECCLESIALE DI PALERMO.  a1a ed. a PARMA - BOLOGNAbEMI. EDIT. MISS. ITAL. c1995 [1° Ed.:1995 - Ed.Ling.Originale: 1995] a156 p.  aCARITÀ E CATTOLICITA'. POVERTÀ. MEMORIA MISSIONARIA DI G. NOBILI. DIALOGO ECUMENICO E INTERRELIGIOSO. MEMORIA MISSIONARIA DI DE GIORGI M. DIALOGO E MISSIONE. IL VANGELO DELLA CARITÀ PER UNA NUOVA SOCIETÀ IN ITALIA.  aSocietà San Paolo EM - Piazza San Paolo, 14 - 12051 ALBA (CN) (non commercial uses only) ® Copyright 2017 aCARITÀ E CATTOLICITA'. POVERTÀ. MEMORIA MISSIONARIA DI G. NOBILI. DIALOGO ECUMENICO E INTERRELIGIOSO. MEMORIA MISSIONARIA DI DE GIORGI M. DIALOGO E MISSIONE. IL VANGELO DELLA CARITÀ PER UNA NUOVA SOCIETÀ IN ITALIA.  aRELIGIONE - RELIGIONE CRISTIANA